Entrega de distinciones concedids por la Delegación Nacional de Deportes
Publicado:
San Jorge, núm. 67 - 68 (2n semestre 1967), pàg 133 :
MARC
| LEADER | 00000nam a2200000Ia 4500 | ||
|---|---|---|---|
| 001 | |||
| 008 | 160829s9999 xx 000 0 cat d | ||
| 245 | |a Entrega de distinciones concedids por la Delegación Nacional de Deportes | ||
| 260 | |a San Jorge, núm. 67 - 68 (2n semestre 1967), pàg 133 | ||
| 590 | |a Medalles d'or de la Orden de Cisneros a: Clara García Rodríguez i Rogelio Piera Tudó. | ||
| 590 | |a Medalles al mèrit esportiu a José Morera Falcó i El Correo Catalán | ||
| 600 | 1 | 0 | |a Samaranch, Joan Antoni, |d 1920-2010 |9 34366 |
| 610 | 1 | 0 | |a Barcelona (Catalunya : Província). |b Diputació |x Medalles |9 54529 |
| 650 | |a Delegación Nacional de Deportes |9 40450 | ||
| 901 | |a Arxiu | ||
| 942 | |n 1 | ||
| 952 | |0 0 |1 0 |4 0 |7 1 |9 49713 |a Arxiu |b Arxiu |d 2016-12-01 |l 0 |r 2016-12-01 00:00:00 |w 2016-12-01 |y ARXIU | ||
| 999 | |c 53555 |d 53555 | ||